Normal view
MARC view
Entry Topical Term
001 - CONTROL NUMBER
- control field: 287828
003 - CONTROL NUMBER IDENTIFIER
- control field:
005 - DATE AND TIME OF LATEST TRANSACTION
- control field: 20210601212537.0
008 - FIXED-LENGTH DATA ELEMENTS
- fixed length control field: 210601|| aca||aabn | a|a d
040 ## - CATALOGING SOURCE
- Original cataloging agency:
- Transcribing agency:
150 ## - HEADING--TOPICAL TERM
- Topical term or geographic name entry element: Database security
- General subdivision: Congresses
670 ## - SOURCE DATA FOUND
- Source citation: Work cat.: (): the OOPSLA -93 conference workshop on security for object orinted system (93 : 26september1993 : washington) 287825, Security for object-oriented systems :, c1994
